Footballeurs par lettre D - Statistiques

Statistiques générales
  • Ce quiz a été pris 186 fois
  • Le résultat moyen est 17 sur 24
Statistiques - réponses
Par images Réponse % Correct
Di maria
100%
De bruyne
99%
Dembele
99%
Drogba
99%
Depay
95%
De jong
93%
David
92%
Digne
91%
Davies
90%
Doku
89%
Diaz
84%
De paul
80%
De ligt
78%
Del piero
72%
Denayer
64%
Dalot
62%
Di lorenzo
59%
Diallo
56%
Dahoud
43%
Darder
42%
Damsgaard
35%
Djalo
32%
Dabbur
18%
Dawson
9%
Aucun quiz correspondant
Distribution des résultats
% des personnes avec chaque résultat
Percentile par nombre de réponses
Votre historique - résultats
Vous n’avez pas pris ce quiz